Pilotes

محفوظ في:
التفاصيل البيبلوغرافية
المؤلف الرئيسي: Cordero López, Carlos
التنسيق: غير معروف
منشور في: [San José, Costa Rica] 1949
الموضوعات:
الوسوم: إضافة وسم
لا توجد وسوم, كن أول من يضع وسما على هذه التسجيلة!

MARC

LEADER 00000 a2200000 4500
003 010966
005 20221231143800.0
008 140114s1949 c a m 000 ||s d
040 |c cru CEDI 
090 |a TFG 031 
100 |a Cordero López, Carlos  |9 17029 
245 |a Pilotes 
260 |c 1949  |a [San José, Costa Rica] 
300 |a  47 hojas : cuadros, gráficos ; 28 cm  
500 |a  Tesis (Ingeniero Civil) Universidad de Costa Rica.  
501 |a  Ed. mecanografiada.  
650 |x CONSTRUCCION  |9 17028 
942 |c TFG 
999 |c 11903  |d 11903